| 000 | 00546nam a2200217Ia 4500 | ||
|---|---|---|---|
| 001 | 12569 | ||
| 003 | GE_BSU | ||
| 008 | 181216s||||||||xx |||||||||||||| ||und|| | ||
| 020 | _a0521781442 | ||
| 040 | _cGE_BSU | ||
| 080 | _a821.111.09 | ||
| 245 | 4 | _aThe Cambridge History of English Literature. 1660-1780 | |
| 245 | _cEdited by John Richettir | ||
| 260 | _aCambridge | ||
| 260 | _bUniversity Press | ||
| 260 | _c2005 | ||
| 300 | _a645p.23cm. | ||
| 541 | _h321Gel. | ||
| 653 | _aThe Cambridge History of English Literature | ||
| 942 | _cBK | ||
| 999 |
_c45742 _d45742 |
||